000 00774nam a2200241 a 4500
008
020 _a1850009724 (pbk.)
049 _aMAIN
090 0 0 _aLC1047.G7
_bJES
100 1 _aJessup, Gilbert.
245 1 0 _aOutcomes :
_bNVQs and the emerging model of education and training /
_cby Gilbert Jessup.
260 _aLondon :
_bFalmer Press,
_c1991.
300 _axii, 198 p. :
_bill. ;
_c25 cm.
504 _aIncludes bibliographical references.
500 _aIncludes index.
650 0 _aVocational education
_zGreat Britain.
650 0 _aVocational qualifications
_zGreat Britain.
907 _a.b10135030
_b17-03-09
_c07-09-04
003
005 20230123133820.0
040 _cNUST
942 _cBOOKS
_kLC1047.G7
_mJES
999 _c155105
_d155105